000 nam a22 a 4500
999 _c1574
_d1574
003 AKMAL
005 20170511093546.0
008 170511s1987 my 00 may d
040 _aAKMAL
082 0 4 _a322.4 ASH
090 _a322.4
_bASH
100 _aAshaari Muhammad,
_d1938-2010
_93182
245 1 _aKrisis dan jalan penyelesaiannya /
_coleh Ashaari Muhammad
260 _aKuala Lumpur :
_bPenerangan Al-Arqam,
_c1987
300 _axviii, 103ms. :
_bil. ;
_c19cm.
505 0 _aMengandungi ayat-ayat dari Quran
650 _aLeadership
_xReligious aspects
_xIslam
_92406
650 _aIslam and politics
_zMalaysia
_9131
942 _2ddc
_cBOOK